000 00277nam a2200109 4500
999 _c10078
_d10078
008 180731b ||||| |||| 00| 0 eng d
245 _aMt. Apo still closed.
260 _aDavao City
_bSun Star Davao
_cc2017
300 _apage 6.
650 0 _929758
_aVolcano.
942 _2ddc
_cPER